All Wreck-it Ralph Characters By Screen Time - Statistics

General Stats
  • This quiz has been taken 24 times
  • The average score is 6 of 19
Answer Stats
% Of Movie Screen Time Answer % Correct
49.66 50:15 Wreck-it Ralph
100%
16.78 16:59 Fix it Felix Jr
95%
11.15 11:17 King Candy
80%
25.86 26:10 Vanellope Von Schweetz
70%
10.66 10:47 Sgt. Tamora Jean Calhoun
45%
.36 :22 Sonic
35%
1.33 1:21 Mr Litwak
30%
4.27 4:19 Taffyta Muttonfudge
30%
4.86 4:55 Gene
25%
1.45 1:28 Zangief
25%
6.06 6:08 Sour Bill
20%
2.88 2:55 Candlehead
15%
2.95 2:59 Duncan
15%
3.20 3:14 Rancis Fluggerbutter
15%
1.48 1:30 Clyde
10%
1.40 1:25 Q*bert
10%
.87 :53 Surge Protector
10%
2.98 3:01 Wynnchel
10%
2.27 2:18 Gamer
0%
No matching quizzes found
Score Distribution
Percent of People with Each Score
Percentile by Number Answered
Your Score History
You have not taken this quiz